| 000 | 00550nam a2200193 u 4500 | ||
|---|---|---|---|
| 005 | 20220622063647.0 | ||
| 008 | 150901s2007 r 000 0 eng d | ||
| 020 | _a9709747800 | ||
| 035 | _aUPN01000205522 | ||
| 049 | _aI | ||
| 050 | 4 |
_aPZ76.3 _bP3.86 |
|
| 100 | 1 |
_aPalo, Lubo _938263 |
|
| 245 | 1 | 0 |
_a1+1=2 / _ctexto e il. Lubo Palo. |
| 260 |
_aMéxico : _bCordillera de los Andes, _c2007. |
||
| 300 |
_a[28] p. : _bil. col. |
||
| 650 | 0 |
_aAnimales _vCuentos y leyendas _9234 |
|
| 650 | 4 |
_aCONTEO - _vLITERATURA INFANTIL _911126 |
|
| 905 | _aInfantil | ||
| 999 |
_c177623 _d177623 |
||